Glasgow Airport (GLA) Destinations - Statistics

General Stats
  • This quiz has been taken 428 times
  • The average score is 40 of 101
Answer Stats
Hint Answer % Correct
Aer Lingus, Ryanair Dublin
89%
KLM, easyJet Amsterdam
85%
easyJet Paris (Charles De Gaulle)
83%
United New York (Newark)
81%
easyJet, Ryanair Berlin
77%
British Airways London Heathrow
76%
Jet2.com Rome
75%
flybe Manchester
74%
Jet2.com Barcelona
73%
Emirates Dubai
73%
Lufthansa Munich
73%
Air Canada Rouge, Air Transat, Canadian Affair Toronto
71%
easyJet, British Airways London Gatwick
70%
flybe Birmingham
67%
Thomas Cook Airlines, Thomson Airways, Jet2.com, Barrhead Travel, easyJet Majorca
67%
Aer Lingus Cork
66%
easyJet Milan
64%
easyJet London Luton
63%
Ryanair | Wizz Air Warsaw
61%
Thomas Cook Airlines, Thomson Airways, Jet2.com Ibiza
58%
Icelandair Reykjavik
57%
Jet2.com Prague
56%
Thomas Cook Airlines, Thomson Airways, Jet2.com Tenerife
56%
Thomson Airways, Jet2.com, Barrhead Travel, easyJet Malaga
55%
Thomson Airways Naples
54%
easyjet Bristol
53%
flybe Cardiff
53%
easyJet Marseille
53%
Barrhead Travel, Celebrity Cruises Venice
52%
easyJet, Ryanair London Stansted
51%
Air Malta, Thomas Cook Airlines, Thomson Airways, Jet2.com Malta
50%
Air Transat, Canadian Affair Montréal
50%
Air Transat, Canadian Affair Vancouver
49%
Thomson Airways, easyJet, Jet2.com Alicante
48%
Germanwings Dusseldorf
48%
Thomas Cook Airlines, Thomson Airways, Jet2.com, easyJet Faro
48%
British Airways London City
48%
Wizz Air, Blue Air Bucharest
47%
Virgin Atlantic, Thomas Cook Airlines Orlando (International)
47%
Thomson Airways Orlando (Sanford)
47%
flybe Southampton
47%
Thomas Cook Airlines, Thomson Airways, Jet2.com Heraklion
46%
flybe Leeds Bradford
44%
Thomas Cook Airlines, Thomson Airways, Jet2.com Menorca
42%
Thomas Cook Airlines, Thomson Airways, Jet2.com Arrecife (Lanzarote)
40%
Thomas Cook Airlines, Thomson Airways, Jet2.com Corfu
40%
Thomson Airways Dubrovnik
39%
Thomas Cook Airlines, Thomson Airways, Jet2.com Rhodes
38%
Air Transat, Canadian Affair Calgary
37%
American Airlines Philadelphia
36%
Ryanair Riga
36%
Thomas Cook Airlines, Thomson Airways, Jet2.com Antalya
35%
Ryanair Chania
35%
easyJet Bordeaux
34%
Wizz Air Gdansk
34%
easyJet Split
33%
easyJet Kos
32%
Thomas Cook Airlines, Thomson Airways, Jet2.com Zante
31%
easyJet, flybe Jersey
30%
Thomas Cook Airlines, Thomson Airways, Jet2.com Larnaca
30%
flybe Sumburgh
30%
Thomas Cook Airlines, Thomson Airways Cancun
29%
Ryanair Derry
29%
flybe Kirkwall
29%
Thomas Cook Airlines, Thomson Airways, Jet2.com Fuerteventura
28%
WestJet Halifax
28%
Thomas Cook Airlines, Thomson Airways, Jet2.com Las Palmas
28%
Thomson Airways, Jet2.com Paphos
27%
flybe Stornoway
27%
flybe East Midlands
26%
Ryanair Wrocław
25%
flybe Barra
24%
Thomas Cook Airlines, Thomson Airways, Jet2.com, Jewel in the Crown Dalaman
24%
P&O Cruises, Barrhead Travel Genoa
24%
easyJet Marrakech
23%
Balkan Holidays Varna
23%
flybe Belfast City
22%
Crystal Salzburg
22%
Thomson Airways Verona
22%
Thomson Airways, Jet2.com Bodrum
21%
Citywing Isle of Man
21%
Thomson Airways, Red Sea Holidays Sharm El Sheikh
21%
easyJet Belfast International
20%
Wizz Air Katowice
20%
Wizz Air Poznan
19%
Thomas Cook Airlines Las Vegas
15%
Thomas Cook Airlines, Thomson Airways, Jet2.com Reus
15%
flybe Benbecula
14%
Thomas Cook Airlines, Thomson Airways Madeira
13%
jet2.com Girona
12%
flybe Islay
12%
flybe Campbeltown
11%
flybe Tiree
11%
Thomas Cook Airlines Costa de Almeria
10%
flybe Donegal
10%
Balkan Holidays, Thomson Airways, Thomas Cook Airlines Bourgas
8%
Thomas Cook Airlines, Thomson Airways Enfidha
8%
Ryanair Bydgoszcz
7%
Ryanair Carcassonne
4%
Thomas Cook Airlines Cayo Coco
1%
No matching quizzes found
Score Distribution
Percent of People with Each Score
Percentile by Number Answered
Your Score History
You have not taken this quiz